Capitals of Oceania by coordinates - Statistics

General Stats
  • This quiz has been taken 5 times
  • The average score is 7 of 14
Answer Stats
Latitude Longitude Capital % Correct
8.52°S 179.20°E Funafuti
100%
13.83°S 171.75°E Apia
50%
35.28°S 149.13°E Canberra
50%
9.43°S 159.95°E Honiara
50%
7.12°S 171.37°E Majuro
50%
7.50°S 134.62°E Ngerulmud
50%
21.14°S 175.22°E Nuku'alofa
50%
6.92°S 158.19°E Palikir
50%
9.47°S 147.20°E Port Moresby
50%
17.74°S 168.32°E Port Vila
50%
1.33°S 172.98°E South Tarawa
50%
41.29°S 174.78°E Wellington
50%
0.54°S 166.92°E Yaren
50%
18.14°S 178.44°E Suva
0%
No matching quizzes found
Score Distribution
Percent of People with Each Score
Percentile by Number Answered
Your Score History
You have not taken this quiz